LEADER 01728nam--2200457---450- 001 990002708510203316 005 20091116152441.0 010 $a981-230-280-8 035 $a000270851 035 $aUSA01000270851 035 $a(ALEPH)000270851USA01 035 $a000270851 100 $a20060209d2004----km-y0itay0103----ba 101 $aeng 102 $aGB 105 $a||||||||001yy 200 1 $aTowards an asian economic community$evision of a New Asia$feditor nagesh Kumar 210 $aSingapore [etc.]$cInstitute of Southeast Asian Studies$d2004 215 $a203 p.$d24 cm 607 $aAsia$xIntegrazione economica 676 $a337.15 702 1$aKUMAR,$bNagesh 801 0$aIT$bsalbc$gISBD 912 $a990002708510203316 951 $aXXIII.2.D. 194 (IG VIII 10 ING 865)$b49262 G.$cXXIII.2.D. 194 (IG VIII)$d00175916 951 $aXXIII.2.D. 194 b (IG VIII 10 ING 865)$b50674 G.$cXXIII.2.D. 194 b (IG VIII 10)$d00178470 951 $aIG VIII 10 ING 865 (non disponibile)$b50673 G.$cIG VIII 10$d00178469 951 $aIG VIII 10 ING 865 (non disponibile)$b50671 G.$cIG VIII 10$d00178475 951 $aXXIII.2.D. 194 a (IG VIII 10 ING 865)$b54362 G$cXXIII.2.D. 194 a (IG VIII 10)$d00214601 959 $aBK 969 $aGIU 979 $aCHIARA$b90$c20060209$lUSA01$h1037 979 $aCHIARA$b90$c20060209$lUSA01$h1040 979 $aCHIARA$b90$c20060209$lUSA01$h1041 979 $aCHIARA$b90$c20060209$lUSA01$h1041 979 $aRENATO$b90$c20060706$lUSA01$h0947 979 $aCAPORASO$b90$c20070420$lUSA01$h1122 979 $aRSIAV4$b90$c20091112$lUSA01$h1356 979 $aRSIAV4$b90$c20091116$lUSA01$h1524 996 $aTowards an asian economic community$91001853 997 $aUNISA LEADER 01805nam0 22003973i 450 001 VAN0264317 005 20231214104832.75 017 70$2N$a9783540478515 100 $a20231003d1987 |0itac50 ba 101 $aeng$aFRE 102 $aDE 105 $a|||| ||||| 200 1 $aSingularities, Representation of Algebras, and Vector Bundles$eProceedings of a Symposium held in Lambrecht/Pfalz, Fed.Rep. of Germany, Dec. 13-17, 1985$fedited by Gert-Martin Greuel and Günther Trautmann 210 $aBerlin$cSpringer$d1987 215 $axvi, 384 p.$d24 cm 461 1$1001VAN0102250$12001 $aLecture notes in mathematics$1210 $aBerlin [etc.]$cSpringer$v1273 606 $a14-XX$xAlgebraic geometry [MSC 2020]$3VANC019702$2MF 606 $a00B25$xProceedings of conferences of miscellaneous specific interest [MSC 2020]$3VANC020732$2MF 610 $aCohomology$9KW:K 610 $aHomology$9KW:K 610 $aLattice$9KW:K 610 $aModuli Spaces$9KW:K 610 $aRepresentation Theory$9KW:K 610 $aVector bundles$9KW:K 620 $dBerlin$3VANL000066 702 1$aGreuel$bGert-Martin$3VANV024395 702 1$aTrautmann$bGünther$3VANV208306 712 $aSpringer $3VANV108073$4650 801 $aIT$bSOL$c20240614$gRICA 856 4 $uhttps://doi.org/10.1007/BFb0078834$zE-book ? Accesso al full-text attraverso riconoscimento IP di Ateneo, proxy e/o Shibboleth 899 $aBIBLIOTECA DEL DIPARTIMENTO DI MATEMATICA E FISICA$1IT-CE0120$2VAN08 912 $fN 912 $aVAN0264317 950 $aBIBLIOTECA DEL DIPARTIMENTO DI MATEMATICA E FISICA$d08CONS e-book 6916 $e08eMF6916 20231023 996 $aSingularities, representation of algebras, and vector bundles$979899 997 $aUNICAMPANIA